00207nam a22000857a 4500082001400000100001300014245004600027260003900073300000900112 a621.67LOB aLobanoff aCentrifugal pumps: design and application aTokyobGulf professional pubc1986 a374p